000 00549nam a2200205Ia 4500
005 20230213142014.0
008 131103s9999 xx 000 0 und d
040 _aLoreto College
041 _aEnglish
082 _a820.9
_bPOL
245 4 _aThe Victorian
_cedited by Arthur Pollard
260 _aLondon
_bSphere Books
_c1970
300 _a440 p.
504 _aIncludes index
650 _aEnglish Literature - History
651 _a18th Century - History and Criticism
700 _aPollard, Arthur, ed.
850 _aLCLIB
942 _cBK
999 _c6804
_d57283